000 01042nam0a22002651 4500
001 rc\2341523
005 20250622233847.0
035 _a(NLR Aleph) 006475080
090 _a5975249
_c5975249
100 _a20110829d1977 |||y0rusy50 ca
101 0 _arus
102 _aRU
105 _aa z |||||
200 1 _aПриборы для оценки качества сырья, полупродуктов и готовых форм в производстве таблеток
_fМ-во мед. пром-сти. ЦБНТИ мед. пром.
210 _aМосква
_cБ. и.
_d1977
215 _a52 с.
_cил.
_d22
225 1 _aОбзорная информация
_iСерия: Химико-фармацевтическая промышленность
_vВып. 8
320 _aБиблиогр.: с. 51-52
700 1 _aТютенков
_bО.Л.
_gОлег Лаврентьевич
701 1 _aФилипин
_bН.А.
801 0 _aRU
_bNLR
_gpsbo
801 1 _aRU
_bELAR
_2rusmarc
852 _aNLR
_jП22/3178
942 _cBOOK
980 _aNB